00881nam a22001217a 4500008004100000020001800041100001900059245004800078260004400126300002800170500002300198505053800221160707b xxu||||| |||| 00| 0 eng d a9780176495695 aTench, Marvin. aPsychology in social work. /cMarvin Tench. aToronto:bNelson Education Ltd.,c2010. a360p. :bill. ;c28 cm. aIncludes glossary. aContents: The Psychoanalytic approach: Sigmund Freud: psychoanalysis -- Alfred Adler: individual psychology -- Karen Honey: neurotic needs and trends -- Eric Erikson: identity theory -- Raymond Cattell, Hans Eysenck, and other trait theorits -- Carl Rogers: self-actualization theory -- The Behavioral approach: B. F. Skinner: reinforcement theory -- The Social-learning approach: Albert Bandura: modeling theory -- Advances in personality theory: Facets of personality -- Existential psychoanalysis -- Cognitive-behavioral theories.